| 000 | 00940namaa2200193 i 4500 | ||
|---|---|---|---|
| 001 | 173976 | ||
| 003 | ES-MaACL | ||
| 005 | 20230906215416.0 | ||
| 008 | 100204s1899 sp |||| | spa d | ||
| 100 | 1 |
_aÁlvarez Quintero, Serafín, _d1871-1938 _9226443 |
|
| 245 | 1 | 3 |
_aEl peregrino _b: zarzuela cómica en un acto dividido en dos cuadros / _cSerafín y Joaquín Álvarez Quintero ; música de Vicente Gómez Zarzuela. |
| 260 |
_aMadrid : _bFlorencio Fiscowich, _c1899 ( _fR. Velasco) |
||
| 300 |
_a38 p. ; _c18 cm. |
||
| 500 | _aEn port.: Estrenada en el teatro del Duque, de Sevilla, el 6 de mayo de 1898. | ||
| 520 | 8 | _aLa acción transcurre en los alrededores de un pueblo aragonés. | |
| 700 | 1 |
_aÁlvarez Quintero, Joaquín, _d1873-1944 _920922 |
|
| 852 |
_aES-MaACL _jF-8636(10) _z.- Enc. pasta española _z.- Enc. en un vol. facticio formando parte de la col. facticia "Teatro español moderno", vol. 91 |
||
| 999 |
_c173976 _d173976 |
||